Visual perception of static and dynamic two-dimensional objects : a cross-sectional study /

Bibliographic Details
Main Author: Bogard, Dolores Ann
Format: Thesis Book
Language:English
Published: Los Angeles, Ca : Bogard, 1971.
Subjects:

MARC

Tag First Indicator Second Indicator Subfields
LEADER 00000cam a2200000 i 4500
001 in00000063121
005 20151008051141.0
008 740607r19741971orua bb 00010 eng d
035 |a (OCoLC)00910875 
035 |9 AAG6066AM 
040 |c MIA  |d TXA  |d UtOrBLW 
049 |a TXAI 
099 |a fiche  |a C  |a 1408 
100 1 |a Bogard, Dolores Ann. 
245 1 0 |a Visual perception of static and dynamic two-dimensional objects :  |b a cross-sectional study /  |c by Dolores Ann Bogard. 
264 1 |a Los Angeles, Ca :  |b Bogard,  |c 1971. 
300 |a 87 leaves :  |b illustrations ;  |c 28 cm. 
336 |a text  |b txt  |2 rdacontent 
337 |a microform  |b h  |2 rdamedia 
338 |a microfiche  |b he  |2 rdacarrier 
500 |a Microfiche (negative) of typescript. Eugene : Microform Publications, College of Health, Physical Education and Recreation, University of Oregon, 1974. -- 1 sheet ; 10.5. x 14.8 cm. 
502 |c University of Southern California. 
504 |a Bibliography: leaves 82-87. 
500 |a Microform. 
650 0 |a Visual perception. 
999 |a MARS 
999 f f |s d1f2b2c9-0fa9-3098-a682-22285f1a27db  |i d32645e1-632a-3e06-957b-cdcfdc713a61  |t 0 
952 f f |p normal  |a Texas A&M University  |b College Station  |c Sterling C. Evans Library  |d Evans: Microforms (3rd floor)  |t 0  |e fiche C 1408  |h Other scheme  |i microform -- microfiche  |m A14820663914 
998 f f |a fiche C 1408  |t 0  |l Evans: Microforms (3rd floor)